000 00826nam a2200217 a 4500
999 _c12205
_d12205
001 12205
003 BD-JhCC
005 20210323125741.0
008 210323s2018 bg |||| |||| 000 0 ben d
020 _a9789840421091
035 _a(BD-JhCC)12205
040 _aBD-JhCC
_dBD-JhCC
041 _aben
082 _bMUN 2018
_a891.44309
100 _aমুনির, সিরাজুল ইসলাম
245 _aমুক্তিযুদ্ধের ঐতিহাসিক উপন্যাস :
_bএক সাগর রক্তের বিনিময়ে /
_cসিরাজুল ইসলাম মুনির
260 _aঢাকা :
_bআগামী,
_c২০১৮.
300 _a৮৮০ পৃ. :
_c২৫ সেমি.
650 _aNovel
_xLiberation war
_y1971
_zBangladesh
942 _2ddc
_cBK